LA CONTRALORIA Y SUS FUNCIONES (Registro nro. 8143)
[ vista simple ]
| 000 -LEADER | |
|---|---|
| fixed length control field | 00401nam a2200157 a 4500 |
| 001 - CONTROL NUMBER | |
| control field | 8143 |
| 005 - DATE AND TIME OF LATEST TRANSACTION | |
| control field | 20180713192045.0 |
| 008 - FIXED-LENGTH DATA ELEMENTS--GENERAL INFORMATION | |
| fixed length control field | 140415s1992 mx 000 0 spa d |
| 041 ## - LANGUAGE CODE | |
| Language code of text/sound track or separate title | spa |
| 082 ## - DEWEY DECIMAL CLASSIFICATION NUMBER | |
| Classification number | 657.1 |
| Item number | ALC |
| 100 1# - MAIN ENTRY--PERSONAL NAME | |
| Personal name | ALCANTARA GONZALEZ, CESAR A. |
| 245 13 - TITLE STATEMENT | |
| Title | LA CONTRALORIA Y SUS FUNCIONES |
| 260 ## - PUBLICATION, DISTRIBUTION, ETC. | |
| Place of publication, distribution, etc. | MEXICO : |
| Name of publisher, distributor, etc. | ECASA, |
| Date of publication, distribution, etc. | 1992 |
| 300 ## - PHYSICAL DESCRIPTION | |
| Extent | 132 |
| 650 14 - SUBJECT ADDED ENTRY--TOPICAL TERM | |
| Topical term or geographic name entry element | CONTABILIDAD |
| Withdrawn status | Lost status | Source of classification or shelving scheme | Damaged status | Not for loan | Collection code | Home library | Current library | Shelving location | Date acquired | Source of acquisition | Inventory number | Total Checkouts | Full call number | Barcode | Date last seen | Price effective from | Koha item type |
|---|---|---|---|---|---|---|---|---|---|---|---|---|---|---|---|---|---|
| Dewey Decimal Classification | General | Biblioteca Karol Wojtyla | Biblioteca Karol Wojtyla | Sala general | 03/12/2013 | Compra | 151000000000000000024932 | 657.1 ALC | 22757 | 05/01/2026 | 03/12/2013 | Libro | |||||
| Dewey Decimal Classification | General | Biblioteca Karol Wojtyla | Biblioteca Karol Wojtyla | Sala general | 03/12/2013 | Compra | 151000000000000000024931 | 657.1 ALC | 22549 | 05/01/2026 | 03/12/2013 | Libro | |||||
| Dewey Decimal Classification | General | Biblioteca Karol Wojtyla | Biblioteca Karol Wojtyla | Sala general | 03/12/2013 | Compra | 151000000000000000024930 | 657.1 ALC | 21745 | 05/01/2026 | 03/12/2013 | Libro |